MARC보기
LDR00000nam c2200205 k 4500
001000000341316
00520260429153442
007ta
008260407s2018 ulka r 001a kor
020 ▼a 9788999714504 ▼g 93370 : ▼c \22000
040 ▼a 248032 ▼c 248032 ▼d 248032
0490 ▼l EM111952 ▼v 1 ▼l EM111953 ▼v 1 ▼c 2
056 ▼a 670.7 ▼2 4
090 ▼a 670.7 ▼b 한16ㅎ
24520 ▼a 한국음악교육학회 학술총서. ▼n 1 ▼p 음악교육연구의 동향과 과제 = ▼x Research Trends In Music Education / ▼d 한국음악교육학회 ; ▼e 주대창, ▼e 권수미, ▼e 김기수, ▼e 김미숙, ▼e 김선미, ▼e 김신영, ▼e 김영미, ▼e 김용희, ▼e 김지현, ▼e 민경훈, ▼e 박영주, ▼e 박은실, ▼e 박정철, ▼e 박지현, ▼e 배수영, ▼e 양종모, ▼e 유은숙, ▼e 윤문정, ▼e 윤종영, ▼e 이가원, ▼e 이에스더, ▼e 임미경, ▼e 임은정, ▼e 장근주, ▼e 조대현, ▼e 조성기, ▼e 최은아, ▼e 최진호, ▼e 현경실, ▼e 홍인혜 공저
250 ▼a 1판
260 ▼a 서울 : ▼b 학지사, ▼c 2018
300 ▼a 427 p. : ▼b 표 ; ▼c 26 cm
49010 ▼a 한국음악교육학회 학술총서 ; ▼v 01
500 ▼a 한국음악교육학회 학술총서
500 ▼a 음악교육연구의 동향과 과제
504 ▼a 참고문헌 및 색인(p. 419-427) 수록
653 ▼a 음악교육 ▼a 음악과 교육과정 ▼a 통합음악교육
7001 ▼a 주대창, ▼e 저
7001 ▼a 권수미, ▼e 공저
7001 ▼a 김기수, ▼e 공저
7001 ▼a 김미숙, ▼e 공저
7001 ▼a 김선미, ▼e 공저
7001 ▼a 김신영, ▼e 공저
7001 ▼a 김영미, ▼e 공저
7001 ▼a 김용희, ▼e 공저
7001 ▼a 김지현, ▼e 공저
7001 ▼a 민경훈, ▼e 공저
7001 ▼a 박영주, ▼e 공저
7001 ▼a 박은실, ▼e 공저
7001 ▼a 박정철, ▼e 공저
7001 ▼a 박지현, ▼e 공저
7001 ▼a 배수영, ▼e 공저
7001 ▼a 양종모, ▼e 공저
7001 ▼a 유은숙, ▼e 공저
7001 ▼a 윤문정, ▼e 공저
7001 ▼a 윤종영, ▼e 공저
7001 ▼a 이가원, ▼e 공저
7001 ▼a 이에스더, ▼e 공저
7001 ▼a 임미경, ▼e 공저
7001 ▼a 임은정, ▼e 공저
7001 ▼a 장근주, ▼e 공저
7001 ▼a 조대현, ▼e 공저
7001 ▼a 조성기, ▼e 공저
7001 ▼a 최은아, ▼e 공저
7001 ▼a 최진호, ▼e 공저
7001 ▼a 현경실, ▼e 공저
7001 ▼a 홍인혜, ▼e 공저
710 2 ▼a 한국음악교육학회
830 ▼a 한국음악교육학회 학술총서 ; ▼v 01
9500 ▼b \22000
990 ▼a 관리자2 ▼b 관리자2